| 000 | aam a22 a 4500 | ||
|---|---|---|---|
| 999 |
_c1794 _d1794 |
||
| 003 | AKMAL | ||
| 005 | 20170512091850.0 | ||
| 008 | 170512s2011 my e w f000 0 may d | ||
| 020 |
_qvolume 1 _qhardback |
||
| 040 | _aAKMAL | ||
| 082 | 0 | 4 |
_a343.5950560269 KKM _223 |
| 090 | 0 | 0 |
_a343.5950560269 _bKKM |
| 245 | 0 | 0 |
_aJURNAL UNDANG-UNDANG TRIBUNAL RAYUAN KASTAM. _nJILID 1 (1-30) |
| 264 | 1 |
_aKuala Lumpur : _bKementerian Kewangan Malaysia, _c2011 |
|
| 300 |
_avi, 85 pages ; _c25 cm |
||
| 650 | 1 | 0 |
_aTariff _zMalaysia _vCases _93709 |
| 650 | 2 | 0 |
_aCustoms administration _zMalaysia _vCases _93710 |
| 710 | 2 |
_aMalaysia. _bKementerian Kewangan. _bTribunal Rayuan Kastam, _eissuing body. _93711 |
|
| 942 |
_2ddc _cBOOK |
||
| 950 | _lAKMAL | ||